000 00549nam a2200193Ia 4500
003 OSt
005 20250612154403.0
008 210210b1988 xxu||||| |||| 00| 0 eng d
040 _cAL
041 _aKannada
082 _aK894.4 GOPM
100 _aGOPALAKRASHNA (B S)
_dಗೋಪಾಲಕೃಷ್ಣ (ಬಿ ಎಸ್)
_9214668
245 _aMahabharatada Bhima
_bಮಹಾಭಾರತದ ಭೀಮ
260 _aMadikeri
_bShati Printars
_c1988
300 _axiv,517
690 _aKannada Prose
_9214669
906 _a041183
942 _2ddc
_cBK
999 _c91104
_d91104